| 000 | 00721nam a22002537a 4500 | ||
|---|---|---|---|
| 999 |
_c133068 _d133068 |
||
| 003 | 0 | ||
| 005 | 20181023161131.0 | ||
| 008 | 0 | ||
| 010 | _aA-999002 | ||
| 020 |
_a8120316568 _c295.00 |
||
| 035 | _aA-999002, A-999005, A-999018 | ||
| 037 | _bCen Lib/Ret | ||
| 040 |
_aDPL _bEN _c0 |
||
| 082 |
_a005.754 _bLIB |
||
| 100 |
_aLiberty, Jesse _936713 |
||
| 245 |
_aWeb classes from scratch / _cby Jesse Liberty |
||
| 260 |
_a New Delhi _bPrentice Hall of India _c1999 |
||
| 270 |
_aM-97, Connaught circus _b New Delhi _e110007 |
||
| 300 |
_aviii,288p. _c23cm(Hb) |
||
| 500 | _aIncludes index | ||
| 650 |
_aWeb databases _972578 |
||
| 650 |
_aWeb databases _972579 |
||
| 942 |
_2ddc _cEN _h005.754 _mLIB |
||